000 00353nam a2200169Ia 4500
100 _aMalhotra/Sachin
650 _aProgramming
250 _a2
942 _cBK
366 _f25
245 _aProgramming in JAVA
260 _bOxford university press
_c2014
082 _a5.13
_bMAL
300 _a660
546 _aENGLISH
_cComputers
999 _c26626
_d26626